Fisonomía del caserío malagueño / (Record no. 106969)

MARC details
000 -LEADER
campo de control de longitud fija 00746nam a2200205 i 4500
001 - NÚMERO DE CONTROL
campo de control 106969
003 - IDENTIFICADOR DE NÚMERO DE CONTROL
campo de control ES-MaACL
005 - FECHA Y HORA DE LA ÚLTIMA TRANSACCIÓN
campo de control 20231223063056.0
008 - DATOS DE LONGITUD FIJA--INFORMACIÓN GENERAL
campo de control de longitud fija 061121s1925 sp |||| | spa d
100 1# - ENTRADA PRINCIPAL--NOMBRE DE PERSONA
Nombre de persona Moreno Villa, José,
Fechas asociadas al nombre 1887-1955
9 (RLIN) 83443
245 10 - MENCIÓN DEL TÍTULO
Título Fisonomía del caserío malagueño /
Mención de responsabilidad, etc. J. Moreno Villa.
260 ## - PUBLICACIÓN, DISTRIBUCIÓN, ETC.
Lugar de publicación, distribución, etc. Madrid :
Nombre del editor, distribuidor, etc. Centro de Estudios Históricos,
Fecha de publicación, distribución, etc. 1925.
300 ## - DESCRIPCIÓN FÍSICA
Extensión 8 p. ;
Dimensiones 27 cm.
595 ## -
-- Separata de: Archivo de arte y arqueología, n. III, 1925, p. 289-296.
650 #4 - PUNTO DE ACCESO ADICIONAL DE MATERIA--TÉRMINO DE MATERIA
Término de materia o nombre geográfico como elemento de entrada Arquitectura popular-
Subdivisión geográfica Málaga (Provincia)
9 (RLIN) 170874
650 #4 - PUNTO DE ACCESO ADICIONAL DE MATERIA--TÉRMINO DE MATERIA
Término de materia o nombre geográfico como elemento de entrada Viviendas-
Subdivisión geográfica Málaga (Provincia)
9 (RLIN) 170875
710 2# - ENTRADA AGREGADA--NOMBRE DE ENTIDAD CORPORATIVA
Nombre de entidad corporativa o nombre de jurisdicción como elemento de entrada Centro de Estudios Históricos.
9 (RLIN) 2648
852 ## - LOCALIZACIÓN
Ubicación ES-MaACL
Número de control de estantería 1699-F-13
Holdings
Estatus retirado Estado de pérdida Estado de daño No para préstamo Colección Biblioteca de origen Biblioteca actual Ubicación en estantería Fecha de adquisición Fuente de adquisición Total de préstamos Signatura topográfica completa Código de barras Visto por última vez Precio de reemplazo Tipo de ítem Koha
        Colección de folletos Biblioteca del Ateneo de Madrid Biblioteca del Ateneo de Madrid Depósito folletos 17/01/2008     1699-F-13 1111651 23/02/2023 23/02/2023 Folleto